Biologically active substances of protozoa

Spremljeno u:
Bibliografski detalji
Glavni autor: Sukhareva-Buell, Natalian N.
Format: Knjiga
Jezik:Undetermined
Izdano: London Kluwer Academic Publishers 2003
Teme:
Oznake: Dodaj oznaku
Bez oznaka, Budi prvi tko označuje ovaj zapis!
Thư viện lưu trữ: Trung tâm Học liệu Trường Đại học Cần Thơ
LEADER 00568nam a2200193Ia 4500
001 CTU_94674
008 210402s9999 xx 000 0 und d
020 |c 103.36 
082 |a 615.329 
082 |b S948 
100 |a Sukhareva-Buell, Natalian N. 
245 0 |a Biologically active substances of protozoa 
245 0 |c Natalian N. Sukhareva-Buell 
260 |a London 
260 |b Kluwer Academic Publishers 
260 |c 2003 
650 |a Pharmacognosy,Protozoa,Microbial products 
904 |i Trúc 
980 |a Trung tâm Học liệu Trường Đại học Cần Thơ